[Event "FIDE Open Sachove Univerzity QCC"]
[Site "Ceske Budejovice"]
[Date "2020.07.09"]
[Round "4.9"]
[White "Barta, David"]
[Black "Chval, Petr"]
[Result "0-1"]
[WhiteElo "1541"]
[BlackElo "1926"]
[Annotator "ChessBase"]
[PlyCount "98"]
[EventDate "2020.07.01"]
[EventType "swiss"]
[EventCountry "CZE"]
[TimeControl "40/5400+30:1800+30"]

1. d4 {[%emt 0:00:00]} d5 {[%emt 0:01:32]} 2. Nf3 {[%emt 0:00:00]} e6 {[%emt 0:00:29]} 3. g3 {[%emt 0:00:00]} f5 {[%emt 0:00:15]} 4. Bg2 {[%emt 0:00:40]} Nf6 {[%emt 0:00:05]} 5. Nbd2 {[%emt 0:00:46]} Be7 {[%emt 0:00:19]} 6. Ne5 {[%emt 0:01:00]} O-O {[%emt 0:00:15]} 7. O-O {[%emt 0:00:29]} Nbd7 {[%emt 0:00:30]} 8. Ndf3 {[%emt 0:00:56]} Ne4 {[%emt 0:00:27]} 9. c4 {[%emt 0:04:30]} c6 {[%emt 0:00:07]} 10. Qb3 {[%emt 0:05:16]} Ndf6 {[%emt 0:07:40]} 11. Ng5 {[%emt 0:08:13]} Qe8 {[%emt 0:12:08]} 12. f3 {[%emt 0:04:45]} Nxg5 {[%emt 0:01:29]} 13. Bxg5 {[%emt 0:00:15]} Qh5 {[%emt 0:04:07]} 14. Bd2 {[%emt 0:02:33]} Bd6 {[%emt 0:06:01]} 15. Bb4 {[%emt 0:05:05]} Bxb4 {[%emt 0:03:05]} 16. Qxb4 {[%emt 0:00:10]} Qg5 {[%emt 0:04:15]} 17. Rf2 {[%emt 0:06:39]} f4 {[%emt 0:09:52]} 18. Qd2 {[%emt 0:06:15]} Nd7 {[%emt 0:01:53]} 19. gxf4 {[%emt 0:23:04]} Qxf4 {[%emt 0:09:27]} 20. Qxf4 {[%emt 0:00:28]} Rxf4 {[%emt 0:00:06]} 21. e3 {[%emt 0:00:47]} Rh4 {[%emt 0:01:27]} 22. f4 {[%emt 0:06:58]} Nf6 {[%emt 0:04:02]} 23. c5 {[%emt 0:02:21]} Bd7 {[%emt 0:00:34]} 24. Raf1 {[%emt 0:04:41]} Be8 {[%emt 0:02:09]} 25. f5 {[%emt 0:00:59]} exf5 {[%emt 0:00:25]} 26. Rxf5 {[%emt 0:00:11]} Bg6 {[%emt 0:02:13]} 27. Nxg6 {[%emt 0:00:34]} hxg6 {[%emt 0:00:05]} 28. R5f4 {[%emt 0:03:32]} Rxf4 {[%emt 0:01:33]} 29. Rxf4 {[%emt 0:00:05]} Re8 {[%emt 0:05:27]} 30. Kf2 {[%emt 0:01:31]} g5 {[%emt 0:01:44]} 31. Rf5 {[%emt 0:03:59]} Ng4+ {[%emt 0:00:44]} 32. Kf3 {[%emt 0:00:35]} Nxe3 {[%emt 0:00:54]} 33. Rxg5 {[%emt 0:00:39]} Nc2 {[%emt 0:00:28]} 34. Rg4 {[%emt 0:00:54]} Ne1+ {[%emt 0:01:10]} 35. Kf4 {[%emt 0:01:24]} Re2 {[%emt 0:00:53]} 36. Bh3 {[%emt 0:01:39]} Rxh2 {[%emt 0:00:40]} 37. Rg3 {[%emt 0:02:41]} Rxb2 {[%emt 0:02:12]} 38. Ke5 {[%emt 0:00:54]} Rxa2 {[%emt 0:01:50]} 39. Be6+ {[%emt 0:02:05]} Kf8 {[%emt 0:01:22]} 40. Kd6 {[%emt 0:00:33]} Rf2 {[%emt 0:09:15]} 41. Rh3 {[%emt 0:31:25]} g5 {[%emt 0:32:37]} 42. Rh8+ {[%emt 0:00:00]} Kg7 {[%emt 0:00:00]} 43. Rg8+ {[%emt 0:00:00]} Kh6 {[%emt 0:00:00]} 44. Rh8+ {[%emt 0:00:00]} Kg6 {[%emt 0:00:00]} 45. Rg8+ {[%emt 0:00:00]} Kh7 {[%emt 0:00:00]} 46. Ke7 {[%emt 0:00:00]} Nc2 {[%emt 0:00:00]} 47. Bf7 {[%emt 0:00:00]} Nxd4 {[%emt 0:00:00]} 48. Rxg5 {[%emt 0:00:00]} Nf5+ {[%emt 0:00:00]} 49. Kf8 {[%emt 0:00:00]} Nh6 {[%emt 0:00:00]} 0-1

[Event "FIDE Open Sachove Univerzity QCC"]
[Site "Ceske Budejovice"]
[Date "2020.07.04"]
[Round "4.9"]
[White "Krautschneider, Daniel Jan"]
[Black "Postl, Frantisek"]
[Result "1-0"]
[WhiteElo "1374"]
[BlackElo "1188"]
[Annotator "NA"]
[PlyCount "49"]
[EventDate "2020.07.01"]
[EventType "swiss"]
[EventCountry "CZE"]
[SourceTitle "playchess.com"]
[Source "ChessBase"]
[SourceQuality "1"]
[TimeControl "40/5400+30:1800+30"]

1. e4 {[%emt 0:00:00]} c5 {[%emt 0:00:45]} 2. Nf3 {[%emt 0:00:00]} Nc6 {[%emt 0:00:51]} 3. d4 {[%emt 0:01:12]} cxd4 {[%emt 0:01:28]} 4. Nxd4 {[%emt 0:00:10]} Nf6 {[%emt 0:01:36]} 5. Nc3 {[%emt 0:00:10]} e5 {[%emt 0:01:21]} 6. Nxc6 {[%emt 0:01:19]} bxc6 {[%emt 0:01:06]} 7. Bc4 {[%emt 0:00:22]} Bb4 {[%emt 0:03:01]} 8. Bd2 {[%emt 0:01:56]} Bxc3 {[%emt 0:02:00]} 9. Bxc3 {[%emt 0:00:09]} Nxe4 {[%emt 0:01:36]} 10. Qf3 {[%emt 0:04:17]} d5 {[%emt 0:03:23]} 11. Bb3 {[%emt 0:11:20]} Qe7 {[%emt 0:02:35]} 12. O-O {[%emt 0:02:53]} Ba6 {[%emt 0:04:00]} 13. Rfe1 {[%emt 0:02:42]} O-O {[%emt 0:01:13]} 14. Rad1 {[%emt 0:02:15]} Rfe8 {[%emt 0:04:40]} 15. Qe3 {[%emt 0:06:59]} f5 {[%emt 0:05:12]} 16. Kh1 {[%emt 0:01:42]} Kh8 {[%emt 0:01:21]} 17. Qf3 {[%emt 0:01:03]} Rf8 {[%emt 0:05:59]} 18. Kg1 {[%emt 0:00:34]} Rf6 {[%emt 0:01:53]} 19. Ba4 {[%emt 0:15:47]} c5 {[%emt 0:02:31]} 20. Bb3 {[%emt 0:01:07]} Bb7 {[%emt 0:01:35]} 21. Bxd5 {[%emt 0:00:23]} Bxd5 {[%emt 0:00:18]} 22. Rxd5 {[%emt 0:00:11]} Ng5 {[%emt 0:03:13]} 23. Qe3 {[%emt 0:00:58]} Ne4 {[%emt 0:04:32]} 24. Rxe5 {[%emt 0:00:36]} Qf7 {[%emt 0:00:32]} 25. Rxe4 {[%emt 0:00:31]} 1-0

[Event "FIDE Open Sachove Univerzity QCC"]
[Site "Ceske Budejovice"]
[Date "2020.07.09"]
[Round "4.10"]
[White "Valtr, Filip"]
[Black "Kotleska, Roman"]
[Result "0-1"]
[WhiteElo "1784"]
[BlackElo "1521"]
[Annotator "NA RC"]
[PlyCount "78"]
[EventDate "2020.07.01"]
[EventType "swiss"]
[EventCountry "CZE"]
[TimeControl "40/5400+30:1800+30"]

1. e4 {[%emt 0:00:00]} c6 {[%emt 0:00:01]} 2. d4 {[%emt 0:00:00]} d5 {[%emt 0:00:09]} 3. Nc3 {[%emt 0:00:14]} dxe4 {[%emt 0:00:17]} 4. Nxe4 {[%emt 0:00:08]} Nd7 {[%emt 0:00:43]} 5. Nf3 {[%emt 0:00:26]} Ngf6 {[%emt 0:00:21]} 6. Nxf6+ {[%emt 0:01:09]} Nxf6 {[%emt 0:00:19]} 7. c3 {[%emt 0:02:25]} Bf5 {[%emt 0:03:21]} 8. Bc4 {[%emt 0:00:37]} e6 {[%emt 0:01:02]} 9. O-O {[%emt 0:02:56]} Bd6 {[%emt 0:01:16]} 10. Re1 {[%emt 0:01:57]} O-O {[%emt 0:04:04]} 11. h3 {[%emt 0:07:33]} Qc7 {[%emt 0:04:07]} 12. Bg5 {[%emt 0:04:14]} Nd5 {[%emt 0:03:25]} 13. Nh4 {[%emt 0:10:06]} Bg6 {[%emt 0:03:01]} 14. Qg4 {[%emt 0:08:57]} Nf4 {[%emt 0:07:56]} 15. Nxg6 {[%emt 0:12:45]} Nxg6 {[%emt 0:01:00]} 16. h4 {[%emt 0:05:57]} Ne7 {[%emt 0:15:43]} 17. h5 {[%emt 0:08:47]} Nf5 {[%emt 0:09:55]} 18. Bd3 {[%emt 0:06:58]} g6 {[%emt 0:04:41]} 19. hxg6 {[%emt 0:02:18]} hxg6 {[%emt 0:00:38]} 20. Bf6 {[%emt 0:05:24]} Ng7 {[%emt 0:04:34]} 21. Qh4 {[%emt 0:03:58]} Nh5 {[%emt 0:04:47]} 22. Re3 {[%emt 0:06:21]} Nxf6 {[%emt 0:01:03]} 23. Qxf6 {[%emt 0:02:09]} Be7 {[%emt 0:02:06]} 24. Qf3 {[%emt 0:00:07]} Kg7 {[%emt 0:01:13]} 25. Kf1 {[%emt 0:01:24]} Rh8 {[%emt 0:02:31]} 26. Ke2 {[%emt 0:00:09]} Rad8 {[%emt 0:03:10]} 27. g3 {[%emt 0:02:11]} c5 {[%emt 0:01:27]} 28. dxc5 {[%emt 0:00:45]} Bxc5 {[%emt 0:00:42]} 29. Re4 {[%emt 0:00:14]} Rh2 {[%emt 0:01:26]} 30. Rf1 {[%emt 0:01:22]} Qb6 {[%emt 0:00:36]} 31. b4 {[%emt 0:01:51]} Bxf2 {[%emt 0:00:37]} 32. Kd1 {[%emt 0:00:18]} f5 {[%emt 0:06:42]} 33. Re2 {[%emt 0:01:50]} Qd6 {[%emt 0:01:00]} 34. Rd2 {[%emt 0:00:42]} Bxg3 {[%emt 0:02:11]} 35. Rxh2 {[%emt 0:00:46]} Bxh2 {[%emt 0:00:27]} 36. Kc2 {[%emt 0:00:05]} Qd5 {[%emt 0:01:27]} 37. Qh3 {[%emt 0:00:35]} Qxa2+ {[%emt 0:00:35]} 38. Kc1 {[%emt 0:00:05]} Be5 {[%emt 0:02:57]} 39. Bb1 {[%emt 0:00:53]} Qd2# {[%emt 0:00:12]} 0-1

[Event "FIDE Open Sachove Univerzity QCC"]
[Site "Ceske Budejovice"]
[Date "2020.07.09"]
[Round "4.11"]
[White "Sobotka, Radim"]
[Black "Kral, Ladislav"]
[Result "1-0"]
[WhiteElo "1764"]
[BlackElo "1493"]
[Annotator "NA"]
[PlyCount "127"]
[EventDate "2020.07.01"]
[EventType "swiss"]
[EventCountry "CZE"]
[TimeControl "40/5400+30:1800+30"]

1. c4 {[%emt 0:00:00]} e5 {[%emt 0:00:00]} 2. Nc3 {[%emt 0:00:00]} Nf6 {[%emt 0:00:31]} 3. g3 {[%emt 0:01:07]} d5 {[%emt 0:02:49]} 4. cxd5 {[%emt 0:00:18]} Nxd5 {[%emt 0:00:43]} 5. Bg2 {[%emt 0:00:27]} Be6 {[%emt 0:05:13]} 6. d3 {[%emt 0:01:09]} c6 {[%emt 0:09:09]} 7. Nf3 {[%emt 0:00:56]} Nxc3 {[%emt 0:02:28]} 8. bxc3 {[%emt 0:00:28]} Nd7 {[%emt 0:01:42]} 9. O-O {[%emt 0:00:21]} Be7 {[%emt 0:01:35]} 10. Qc2 {[%emt 0:02:54]} Bf5 {[%emt 0:03:34]} 11. Rb1 {[%emt 0:03:45]} Rb8 {[%emt 0:01:26]} 12. e4 {[%emt 0:00:44]} Be6 {[%emt 0:01:52]} 13. Be3 {[%emt 0:02:37]} c5 {[%emt 0:01:47]} 14. Rfd1 {[%emt 0:03:15]} O-O {[%emt 0:01:40]} 15. d4 {[%emt 0:01:21]} cxd4 {[%emt 0:01:14]} 16. cxd4 {[%emt 0:00:23]} exd4 {[%emt 0:00:52]} 17. Bxd4 {[%emt 0:03:04]} b6 {[%emt 0:01:59]} 18. Qa4 {[%emt 0:07:02]} Qc7 {[%emt 0:07:48]} 19. Rbc1 {[%emt 0:01:47]} Qb7 {[%emt 0:00:30]} 20. Bb2 {[%emt 0:10:29]} Nc5 {[%emt 0:02:17]} 21. Qd4 {[%emt 0:02:23]} f6 {[%emt 0:08:57]} 22. e5 {[%emt 0:16:20]} Rfd8 {[%emt 0:00:50]} 23. Qc3 {[%emt 0:06:36]} Rxd1+ {[%emt 0:01:14]} 24. Rxd1 {[%emt 0:00:01]} Na4 {[%emt 0:01:00]} 25. Qc2 {[%emt 0:00:19]} Nxb2 {[%emt 0:00:50]} 26. Qxb2 {[%emt 0:00:02]} Bd5 {[%emt 0:04:39]} 27. Qb5 {[%emt 0:08:09]} Bc6 {[%emt 0:02:15]} 28. Qb3+ {[%emt 0:01:01]} Kf8 {[%emt 0:01:35]} 29. e6 {[%emt 0:01:34]} Rd8 {[%emt 0:02:22]} 30. Rxd8+ {[%emt 0:04:34]} Bxd8 {[%emt 0:00:24]} 31. Nh4 {[%emt 0:08:07]} Bxg2 {[%emt 0:02:12]} 32. Nxg2 {[%emt 0:00:02]} Be7 {[%emt 0:06:29]} 33. Qd3 {[%emt 0:04:28]} g6 {[%emt 0:01:21]} 34. Ne3 {[%emt 0:01:55]} Qc7 {[%emt 0:00:47]} 35. Qd5 {[%emt 0:03:15]} Qd6 {[%emt 0:04:39]} 36. g4 {[%emt 0:02:43]} Qxd5 {[%emt 0:08:37]} 37. Nxd5 {[%emt 0:00:02]} g5 {[%emt 0:02:03]} 38. Ne3 {[%emt 0:01:19]} b5 {[%emt 0:01:26]} 39. Kf1 {[%emt 0:01:14]} a5 {[%emt 0:01:32]} 40. Nf5 {[%emt 0:00:11]} b4 {[%emt 0:01:38]} 41. Ke2 {[%emt 0:31:49]} a4 {[%emt 0:31:43]} 42. Kd3 {[%emt 0:00:00]} b3 {[%emt 0:00:00]} 43. axb3 {[%emt 0:00:00]} axb3 {[%emt 0:00:00]} 44. Kc3 {[%emt 0:00:00]} b2 {[%emt 0:00:00]} 45. Kxb2 {[%emt 0:00:00]} Bc5 {[%emt 0:00:00]} 46. f3 {[%emt 0:00:00]} Bb4 {[%emt 0:00:00]} 47. Kb3 {[%emt 0:00:00]} Bc5 {[%emt 0:00:00]} 48. Kc4 {[%emt 0:00:00]} Ba3 {[%emt 0:00:00]} 49. Kd5 {[%emt 0:00:00]} Ke8 {[%emt 0:00:00]} 50. h4 {[%emt 0:00:00]} gxh4 {[%emt 0:00:00]} 51. Nxh4 {[%emt 0:00:00]} Bc1 {[%emt 0:00:00]} 52. Nf5 {[%emt 0:00:00]} Ba3 {[%emt 0:00:00]} 53. Ke4 {[%emt 0:00:00]} Bb4 {[%emt 0:00:00]} 54. Kd5 {[%emt 0:00:00]} Ba3 {[%emt 0:00:00]} 55. Kc6 {[%emt 0:00:00]} Bb4 {[%emt 0:00:00]} 56. Kb5 {[%emt 0:00:00]} Ba3 {[%emt 0:00:00]} 57. Kc4 {[%emt 0:00:00]} Kd8 {[%emt 0:00:00]} 58. Kd3 {[%emt 0:00:00]} Bb4 {[%emt 0:00:00]} 59. Ke4 {[%emt 0:00:00]} Bd2 {[%emt 0:00:00]} 60. f4 {[%emt 0:00:00]} Bb4 {[%emt 0:00:00]} 61. Ne3 {[%emt 0:00:00]} Bc5 {[%emt 0:00:00]} 62. Nd5 {[%emt 0:00:00]} Ba3 {[%emt 0:00:00]} 63. Nxf6 {[%emt 0:00:00]} Ke7 {[%emt 0:00:00]} 64. Kf5 {[%emt 0:00:00]} 1-0

[Event "FIDE Open Sachove Univerzity QCC"]
[Site "Ceske Budejovice"]
[Date "2020.07.04"]
[Round "4.12"]
[White "Berka, Lubos"]
[Black "Kamleiter, Noah"]
[Result "1/2-1/2"]
[WhiteElo "1718"]
[BlackElo "1463"]
[Annotator "NA"]
[PlyCount "56"]
[EventDate "2020.07.01"]
[EventType "swiss"]
[EventCountry "CZE"]
[SourceTitle "playchess.com"]
[Source "ChessBase"]
[SourceQuality "1"]
[TimeControl "40/5400+30:1800+30"]

1. e4 {[%emt 0:00:04]} c5 {[%emt 0:00:58]} 2. Nc3 {[%emt 0:00:23]} Nc6 {[%emt 0:00:07]} 3. g3 {[%emt 0:00:19]} g6 {[%emt 0:00:04]} 4. Bg2 {[%emt 0:00:05]} Bg7 {[%emt 0:00:04]} 5. d3 {[%emt 0:00:13]} d6 {[%emt 0:00:03]} 6. Nge2 {[%emt 0:00:07]} Rb8 {[%emt 0:00:42]} 7. a4 {[%emt 0:01:17]} a6 {[%emt 0:00:22]} 8. O-O {[%emt 0:00:08]} b5 {[%emt 0:00:31]} 9. f4 {[%emt 0:03:33]} b4 {[%emt 0:03:45]} 10. Nd5 {[%emt 0:01:50]} e6 {[%emt 0:00:16]} 11. Ne3 {[%emt 0:00:17]} Nge7 {[%emt 0:02:09]} 12. g4 {[%emt 0:06:41]} f5 {[%emt 0:01:46]} 13. exf5 {[%emt 0:06:26]} exf5 {[%emt 0:00:13]} 14. g5 {[%emt 0:01:10]} Bb7 {[%emt 0:07:01]} 15. Nd5 {[%emt 0:07:09]} Nxd5 {[%emt 0:04:51]} 16. Bxd5 {[%emt 0:00:17]} Nd4 {[%emt 0:00:26]} 17. Bxb7 {[%emt 0:00:55]} Rxb7 {[%emt 0:00:07]} 18. Be3 {[%emt 0:09:28]} Nxe2+ {[%emt 0:02:03]} 19. Qxe2 {[%emt 0:01:32]} Re7 {[%emt 0:02:21]} 20. Rab1 {[%emt 0:00:49]} O-O {[%emt 0:01:54]} 21. Qf3 {[%emt 0:04:04]} Rfe8 {[%emt 0:03:19]} 22. Bf2 {[%emt 0:01:31]} Qd7 {[%emt 0:05:57]} 23. Rfe1 {[%emt 0:08:01]} Rxe1+ {[%emt 0:16:07]} 24. Bxe1 {[%emt 0:01:17]} Bd4+ {[%emt 0:04:05]} 25. Bf2 {[%emt 0:14:11]} Bxf2+ {[%emt 0:01:17]} 26. Kxf2 {[%emt 0:00:30]} Qe6 {[%emt 0:12:32]} 27. b3 {[%emt 0:05:46]} d5 {[%emt 0:03:01]} 28. Rd1 {[%emt 0:02:28]} d4 {[%emt 0:02:56]} 1/2-1/2

[Event "FIDE Open Sachove Univerzity QCC"]
[Site "Ceske Budejovice"]
[Date "2020.07.04"]
[Round "4.13"]
[White "Macho, Miloslav"]
[Black "Kroulik, Vaclav"]
[Result "1/2-1/2"]
[WhiteElo "1671"]
[BlackElo "1442"]
[Annotator "NA"]
[PlyCount "64"]
[EventDate "2020.07.01"]
[EventType "swiss"]
[EventCountry "CZE"]
[SourceTitle "playchess.com"]
[Source "ChessBase"]
[SourceQuality "1"]
[TimeControl "40/5400+30:1800+30"]

1. g3 {[%emt 0:00:47]} d5 {[%emt 0:00:10]} 2. Bg2 {[%emt 0:00:22]} e5 {[%emt 0:00:10]} 3. d3 {[%emt 0:00:15]} Nf6 {[%emt 0:00:14]} 4. Nf3 {[%emt 0:00:48]} Nbd7 {[%emt 0:01:20]} 5. O-O {[%emt 0:00:32]} Be7 {[%emt 0:01:02]} 6. b3 {[%emt 0:02:50]} O-O {[%emt 0:01:42]} 7. Bb2 {[%emt 0:00:05]} d4 {[%emt 0:01:07]} 8. c3 {[%emt 0:01:34]} c5 {[%emt 0:01:21]} 9. Nbd2 {[%emt 0:01:31]} Nd5 {[%emt 0:01:59]} 10. cxd4 {[%emt 0:00:57]} cxd4 {[%emt 0:06:48]} 11. Nxd4 {[%emt 0:00:55]} Nb4 {[%emt 0:00:59]} 12. N4f3 {[%emt 0:02:45]} f6 {[%emt 0:02:06]} 13. a3 {[%emt 0:04:26]} Nc6 {[%emt 0:01:06]} 14. b4 {[%emt 0:00:29]} Nb6 {[%emt 0:01:24]} 15. Qb3+ {[%emt 0:07:46]} Kh8 {[%emt 0:00:40]} 16. Rfc1 {[%emt 0:00:59]} Re8 {[%emt 0:04:58]} 17. Qd1 {[%emt 0:02:41]} Be6 {[%emt 0:02:05]} 18. Ne4 {[%emt 0:04:34]} Rc8 {[%emt 0:03:51]} 19. Nc5 {[%emt 0:00:37]} Bxc5 {[%emt 0:00:17]} 20. Rxc5 {[%emt 0:00:42]} Re7 {[%emt 0:03:43]} 21. Nd2 {[%emt 0:04:15]} Rec7 {[%emt 0:04:04]} 22. Rac1 {[%emt 0:03:26]} Nd7 {[%emt 0:04:11]} 23. R5c3 {[%emt 0:02:57]} Nb6 {[%emt 0:08:38]} 24. Ne4 {[%emt 0:10:44]} Nd5 {[%emt 0:08:12]} 25. Rc4 {[%emt 0:12:57]} Nb6 {[%emt 0:03:01]} 26. Rc5 {[%emt 0:02:01]} Bd5 {[%emt 0:06:33]} 27. b5 {[%emt 0:03:11]} Na5 {[%emt 0:02:27]} 28. Rxc7 {[%emt 0:00:17]} Rxc7 {[%emt 0:00:12]} 29. Rxc7 {[%emt 0:03:02]} Qxc7 {[%emt 0:02:28]} 30. Qc1 {[%emt 0:00:27]} Qd8 {[%emt 0:11:12]} 31. Nd2 {[%emt 0:06:05]} Bxg2 {[%emt 0:02:44]} 32. Kxg2 {[%emt 0:00:05]} Qd5+ {[%emt 0:00:09]} 1/2-1/2

[Event "FIDE Open Sachove Univerzity QCC"]
[Site "Ceske Budejovice"]
[Date "2020.07.04"]
[Round "4.14"]
[White "Svadlenka, Michal"]
[Black "Kanka, Lukas"]
[Result "1-0"]
[WhiteElo "1395"]
[BlackElo "1667"]
[Annotator "NA"]
[PlyCount "65"]
[EventDate "2020.07.01"]
[EventType "swiss"]
[EventCountry "CZE"]
[SourceTitle "playchess.com"]
[Source "ChessBase"]
[SourceQuality "1"]
[TimeControl "40/5400+30:1800+30"]

1. e4 {[%emt 0:00:00]} Nf6 {[%emt 0:00:00]} 2. e5 {[%emt 0:00:19]} Nd5 {[%emt 0:00:00]} 3. c4 {[%emt 0:00:41]} Nb6 {[%emt 0:00:00]} 4. Nc3 {[%emt 0:01:40]} Nc6 {[%emt 0:00:04]} 5. c5 {[%emt 0:00:28]} Nxe5 {[%emt 0:01:33]} 6. cxb6 {[%emt 0:00:20]} axb6 {[%emt 0:00:28]} 7. d4 {[%emt 0:00:39]} Ng6 {[%emt 0:01:07]} 8. Nf3 {[%emt 0:01:55]} d5 {[%emt 0:01:32]} 9. h3 {[%emt 0:06:11]} e6 {[%emt 0:01:15]} 10. a3 {[%emt 0:01:41]} c5 {[%emt 0:00:46]} 11. Bb5+ {[%emt 0:02:18]} Bd7 {[%emt 0:02:34]} 12. Bxd7+ {[%emt 0:02:03]} Qxd7 {[%emt 0:00:11]} 13. O-O {[%emt 0:03:47]} Bd6 {[%emt 0:02:36]} 14. Re1 {[%emt 0:03:06]} O-O {[%emt 0:02:04]} 15. Be3 {[%emt 0:03:10]} Rfd8 {[%emt 0:05:05]} 16. Rc1 {[%emt 0:02:56]} Ra6 {[%emt 0:05:42]} 17. Na2 {[%emt 0:03:32]} c4 {[%emt 0:01:35]} 18. Bg5 {[%emt 0:04:14]} f6 {[%emt 0:02:46]} 19. Be3 {[%emt 0:02:58]} b5 {[%emt 0:04:15]} 20. Bd2 {[%emt 0:02:34]} Nf4 {[%emt 0:07:33]} 21. Bxf4 {[%emt 0:05:45]} Bxf4 {[%emt 0:00:06]} 22. Nb4 {[%emt 0:01:02]} Ra4 {[%emt 0:06:12]} 23. Rc3 {[%emt 0:05:14]} Bd6 {[%emt 0:03:27]} 24. Nc2 {[%emt 0:07:23]} Bc7 {[%emt 0:07:00]} 25. Rce3 {[%emt 0:01:26]} Re8 {[%emt 0:09:15]} 26. Qe2 {[%emt 0:03:18]} Kf7 {[%emt 0:02:01]} 27. Nd2 {[%emt 0:14:19]} Qd6 {[%emt 0:08:03]} 28. Rg3 {[%emt 0:03:36]} Ba5 {[%emt 0:05:38]} 29. Qh5+ {[%emt 0:02:59]} Ke7 {[%emt 0:03:45]} 30. Rxg7+ {[%emt 0:01:18]} Kd8 {[%emt 0:00:07]} 31. Qh6 {[%emt 0:01:01]} Qf8 {[%emt 0:01:16]} 32. Re2 {[%emt 0:03:50]} e5 {[%emt 0:07:13]} 33. dxe5 {[%emt 0:03:40]} 1-0

[Event "FIDE Open Sachove Univerzity QCC"]
[Site "Ceske Budejovice"]
[Date "2020.07.04"]
[Round "4.15"]
[White "Svadlenka, Dominik"]
[Black "Josko, Jiri"]
[Result "1/2-1/2"]
[WhiteElo "1350"]
[BlackElo "1649"]
[Annotator "NA"]
[PlyCount "85"]
[EventDate "2020.07.01"]
[EventType "swiss"]
[EventCountry "CZE"]
[SourceTitle "playchess.com"]
[Source "ChessBase"]
[SourceQuality "1"]
[TimeControl "40/5400+30:1800+30"]

1. d4 {[%emt 0:00:00]} Nf6 {[%emt 0:00:00]} 2. c4 {[%emt 0:00:00]} e5 {[%emt 0:00:21]} 3. dxe5 {[%emt 0:00:53]} Ng4 {[%emt 0:00:24]} 4. Nf3 {[%emt 0:00:38]} Nc6 {[%emt 0:00:24]} 5. Bg5 {[%emt 0:00:29]} Be7 {[%emt 0:00:29]} 6. Bxe7 {[%emt 0:00:10]} Qxe7 {[%emt 0:00:10]} 7. Nc3 {[%emt 0:04:02]} Ngxe5 {[%emt 0:00:34]} 8. Nxe5 {[%emt 0:04:21]} Nxe5 {[%emt 0:01:04]} 9. e3 {[%emt 0:02:45]} d6 {[%emt 0:00:48]} 10. Be2 {[%emt 0:02:07]} Be6 {[%emt 0:00:52]} 11. Qb3 {[%emt 0:02:19]} O-O {[%emt 0:10:34]} 12. O-O {[%emt 0:06:28]} c6 {[%emt 0:02:40]} 13. h3 {[%emt 0:08:51]} b5 {[%emt 0:01:56]} 14. Rac1 {[%emt 0:05:20]} Nxc4 {[%emt 0:07:22]} 15. Qc2 {[%emt 0:03:15]} d5 {[%emt 0:08:25]} 16. Bf3 {[%emt 0:00:59]} Ne5 {[%emt 0:02:51]} 17. Be2 {[%emt 0:00:18]} g6 {[%emt 0:07:43]} 18. e4 {[%emt 0:02:17]} d4 {[%emt 0:08:35]} 19. Nb1 {[%emt 0:01:42]} Rad8 {[%emt 0:06:34]} 20. Qc5 {[%emt 0:01:50]} Qxc5 {[%emt 0:08:24]} 21. Rxc5 {[%emt 0:00:12]} d3 {[%emt 0:02:00]} 22. Bd1 {[%emt 0:01:01]} Nc4 {[%emt 0:03:34]} 23. b3 {[%emt 0:00:38]} Nb2 {[%emt 0:02:16]} 24. Nd2 {[%emt 0:01:34]} Nxd1 {[%emt 0:09:49]} 25. Rxd1 {[%emt 0:00:35]} a5 {[%emt 0:00:40]} 26. Rxc6 {[%emt 0:02:12]} a4 {[%emt 0:01:53]} 27. Rc5 {[%emt 0:04:55]} Rb8 {[%emt 0:01:43]} 28. Rc3 {[%emt 0:01:23]} Rfd8 {[%emt 0:00:31]} 29. Nf3 {[%emt 0:00:21]} f5 {[%emt 0:01:27]} 30. e5 {[%emt 0:00:25]} axb3 {[%emt 0:01:21]} 31. axb3 {[%emt 0:00:18]} Ra8 {[%emt 0:00:53]} 32. Rdxd3 {[%emt 0:00:54]} Ra1+ {[%emt 0:00:34]} 33. Kh2 {[%emt 0:00:33]} Rda8 {[%emt 0:01:32]} 34. Nd4 {[%emt 0:00:50]} b4 {[%emt 0:00:52]} 35. Rc7 {[%emt 0:00:37]} Rd8 {[%emt 0:01:26]} 36. Rd2 {[%emt 0:03:52]} Rb1 {[%emt 0:01:39]} 37. Rcc2 {[%emt 0:00:59]} Bf7 {[%emt 0:04:08]} 38. e6 {[%emt 0:03:10]} Be8 {[%emt 0:00:12]} 39. Nc6 {[%emt 0:00:41]} Rxd2 {[%emt 0:00:39]} 40. Rxd2 {[%emt 0:03:51]} Bxc6 {[%emt 0:00:32]} 41. Rd8+ {[%emt 0:30:26]} Kg7 {[%emt 0:30:31]} 42. Rc8 {[%emt 0:00:11]} Bb5 {[%emt 0:00:00]} 43. Rb8 {[%emt 0:00:00]} 1/2-1/2

[Event "FIDE Open Sachove Univerzity QCC"]
[Site "Ceske Budejovice"]
[Date "2020.07.04"]
[Round "4.16"]
[White "Dobsa, Emma"]
[Black "Kaucky, Jaroslav"]
[Result "1-0"]
[WhiteElo "1345"]
[BlackElo "1573"]
[Annotator "NA"]
[PlyCount "73"]
[EventDate "2020.07.01"]
[EventType "swiss"]
[EventCountry "CZE"]
[SourceTitle "playchess.com"]
[Source "ChessBase"]
[SourceQuality "1"]
[TimeControl "40/5400+30:1800+30"]

1. e4 {[%emt 0:00:00]} e5 {[%emt 0:00:00]} 2. Nf3 {[%emt 0:00:00]} Nc6 {[%emt 0:00:00]} 3. Bc4 {[%emt 0:00:00]} Nd4 {[%emt 0:00:01]} 4. Nxd4 {[%emt 0:00:00]} exd4 {[%emt 0:00:14]} 5. O-O {[%emt 0:00:00]} d6 {[%emt 0:03:13]} 6. d3 {[%emt 0:00:59]} Nf6 {[%emt 0:00:25]} 7. f4 {[%emt 0:02:09]} Ng4 {[%emt 0:03:14]} 8. f5 {[%emt 0:01:41]} h5 {[%emt 0:00:36]} 9. h3 {[%emt 0:06:14]} Qh4 {[%emt 0:01:51]} 10. Rf4 {[%emt 0:11:14]} Qg3 {[%emt 0:01:01]} 11. hxg4 {[%emt 0:02:59]} hxg4 {[%emt 0:00:17]} 12. Rxg4 {[%emt 0:00:38]} Qh2+ {[%emt 0:00:25]} 13. Kf2 {[%emt 0:01:30]} Be7 {[%emt 0:01:11]} 14. Bf4 {[%emt 0:01:37]} Qh7 {[%emt 0:02:10]} 15. Nd2 {[%emt 0:01:46]} g6 {[%emt 0:01:20]} 16. Nf3 {[%emt 0:07:43]} gxf5 {[%emt 0:00:23]} 17. exf5 {[%emt 0:01:23]} Bxf5 {[%emt 0:01:32]} 18. Rg3 {[%emt 0:02:04]} O-O-O {[%emt 0:01:24]} 19. Bg5 {[%emt 0:02:28]} f6 {[%emt 0:02:58]} 20. Bf4 {[%emt 0:01:35]} d5 {[%emt 0:01:02]} 21. Bb3 {[%emt 0:04:32]} c5 {[%emt 0:01:43]} 22. Qd2 {[%emt 0:02:39]} b6 {[%emt 0:04:37]} 23. a4 {[%emt 0:02:23]} Be6 {[%emt 0:22:18]} 24. Re1 {[%emt 0:01:27]} Qf7 {[%emt 0:01:10]} 25. Qe2 {[%emt 0:01:39]} Kd7 {[%emt 0:03:02]} 26. a5 {[%emt 0:01:14]} b5 {[%emt 0:00:37]} 27. a6 {[%emt 0:04:41]} Rc8 {[%emt 0:02:35]} 28. c3 {[%emt 0:04:46]} c4 {[%emt 0:05:06]} 29. Nxd4 {[%emt 0:03:22]} Bc5 {[%emt 0:02:00]} 30. dxc4 {[%emt 0:02:35]} Bxd4+ {[%emt 0:02:30]} 31. cxd4 {[%emt 0:00:12]} dxc4 {[%emt 0:01:41]} 32. Bc2 {[%emt 0:00:35]} Rc6 {[%emt 0:04:56]} 33. Bg6 {[%emt 0:01:54]} Qf8 {[%emt 0:02:06]} 34. Re3 {[%emt 0:01:01]} Qe7 {[%emt 0:00:51]} 35. d5 {[%emt 0:00:47]} Qc5 {[%emt 0:01:19]} 36. dxc6+ {[%emt 0:00:27]} Kxc6 {[%emt 0:00:19]} 37. Kg3 {[%emt 0:02:11]} 1-0